Lecciones de cimentaciones explicadas en el Academia de Ingenieros del Ejército / (Record no. 141306)

MARC details
000 -LEADER
campo de control de longitud fija 00582nam a2200169 i 4500
001 - NÚMERO DE CONTROL
campo de control 141306
003 - IDENTIFICADOR DE NÚMERO DE CONTROL
campo de control ES-MaACL
005 - FECHA Y HORA DE LA ÚLTIMA TRANSACCIÓN
campo de control 20230906200252.0
007 - CAMPO FIJO DE DESCRIPCIÓN FÍSICA--INFORMACIÓN GENERAL
campo de control de longitud fija t|
008 - DATOS DE LONGITUD FIJA--INFORMACIÓN GENERAL
campo de control de longitud fija 070920s1907 sp ||||1| spa d
100 1# - ENTRADA PRINCIPAL--NOMBRE DE PERSONA
Nombre de persona Villar y Peralta, Ernesto.
9 (RLIN) 115106
245 10 - MENCIÓN DEL TÍTULO
Título Lecciones de cimentaciones explicadas en el Academia de Ingenieros del Ejército /
Mención de responsabilidad, etc. por Ernesto Villar y Peralta.
260 ## - PUBLICACIÓN, DISTRIBUCIÓN, ETC.
Lugar de publicación, distribución, etc. Guadalajara :
Nombre del editor, distribuidor, etc. [s.n.],
Fecha de publicación, distribución, etc. 1907 (
Fabricante Imp. del Colegio de Huérfanos de la Guerra)
300 ## - DESCRIPCIÓN FÍSICA
Extensión VIII, 249 p. ;
Dimensiones 23 cm.
650 #4 - PUNTO DE ACCESO ADICIONAL DE MATERIA--TÉRMINO DE MATERIA
Término de materia o nombre geográfico como elemento de entrada Construcción.
9 (RLIN) 11295
852 ## - LOCALIZACIÓN
Ubicación ES-MaACL
Número de control de estantería F-2139
Holdings
Estatus retirado Estado de pérdida Estado de daño No para préstamo Biblioteca de origen Biblioteca actual Ubicación en estantería Fecha de adquisición Fuente de adquisición Total de préstamos Signatura topográfica completa Código de barras Visto por última vez Precio de reemplazo Tipo de ítem Koha
        Biblioteca del Ateneo de Madrid Biblioteca del Ateneo de Madrid Depósito 2 17/01/2008     F-2139 1147032 23/02/2023 23/02/2023 Libro impreso